Marvin Redpost : (Record no. 2253)

MARC details
000 -LEADER
fixed length control field 01151cam a2200337 a 4500
005 - DATE AND TIME OF LATEST TRANSACTION
control field 20231114120215.0
020 ## - INTERNATIONAL STANDARD BOOK NUMBER
International Standard Book Number 0679819495
020 ## - INTERNATIONAL STANDARD BOOK NUMBER
International Standard Book Number 067991949X
040 ## - CATALOGING SOURCE
Original cataloging agency DLC
Transcribing agency DLC
Modifying agency DLC
Language of cataloging eng
050 00 - LIBRARY OF CONGRESS CALL NUMBER
Classification number PZ7.S1185
Item number Man 1994
082 00 - DEWEY DECIMAL CLASSIFICATION NUMBER
Classification number 813.54
Edition number 20
100 1# - MAIN ENTRY--PERSONAL NAME
Personal name Sachar, Louis
Dates associated with a name 1954-
245 10 - TITLE STATEMENT
Title Marvin Redpost :
Remainder of title alone in his teacher's house /
Statement of responsibility, etc. by Louis Sachar ; illustrated by Barbara Sullivan
250 ## - EDITION STATEMENT
Edition statement A first Stepping Stone book
260 ## - PUBLICATION, DISTRIBUTION, ETC.
Place of publication, distribution, etc. New York :
Name of publisher, distributor, etc. Random House,
Date of publication, distribution, etc. 1994
300 ## - PHYSICAL DESCRIPTION
Extent 83 pages :
Other physical details illustrations
Dimensions 19 cm
490 ## - SERIES STATEMENT
Volume/sequential designation 4
Series statement Marvin Redpost
500 ## - GENERAL NOTE
General note "A First stepping stone book."
505 ## - FORMATTED CONTENTS NOTE
Formatted contents note K
520 ## - SUMMARY, ETC.
Summary, etc. Marvin is pleased when his teacher asks him to take care of her dog while she's away, but he soon finds that there's more pressure involved than he likes.
521 0# - TARGET AUDIENCE NOTE
Target audience note 560
Source Lexile
521 1# - TARGET AUDIENCE NOTE
Target audience note K
Source Raz-Plus
650 #1 - SUBJECT ADDED ENTRY--TOPICAL TERM
Topical term or geographic name entry element Dogs
General subdivision Fiction.
650 #1 - SUBJECT ADDED ENTRY--TOPICAL TERM
Topical term or geographic name entry element Pets
General subdivision Fiction.
650 #1 - SUBJECT ADDED ENTRY--TOPICAL TERM
Topical term or geographic name entry element Teachers
General subdivision Fiction.
650 #1 - SUBJECT ADDED ENTRY--TOPICAL TERM
Topical term or geographic name entry element Responsibility
General subdivision Fiction.
700 1# - ADDED ENTRY--PERSONAL NAME
Personal name Sullivan, Barbara
Dates associated with a name 1957-
Relator term illustrator
906 ## - LOCAL DATA ELEMENT F, LDF (RLIN)
a 7
b cbc
c orignew
d 1
e ocip
f 19
g y-gencatlg
942 ## - ADDED ENTRY ELEMENTS (KOHA)
Source of classification or shelving scheme Dewey Decimal Classification
Koha item type Books
Suppress in OPAC No
999 ## -
-- 2253
-- 2253
Holdings
Withdrawn status Lost status Source of classification or shelving scheme Damaged status Not for loan Collection Home library Current library Shelving location Date acquired Total Checkouts Full call number Barcode Date last seen Price effective from Koha item type
    Dewey Decimal Classification     Juvenile Fiction Footprints International School Library Network Toul Kork Campus Footprints International School Library Network Toul Kork Campus TK Primary Library Room(4th Floor), Bookcase 3&4, Shelves 17-32, Yellow Books 11/14/2023   SAC 813.54 PZ7.S1185 FISTKG4B037 11/14/2023 11/14/2023 Books